Japan fact book 1976

Bewaard in:
Bibliografische gegevens
Formaat: Boek
Taal:Undetermined
Gepubliceerd in: Tokyo Dempa 1976
Onderwerpen:
Tags: Voeg label toe
Geen labels, Wees de eerste die dit record labelt!
Thư viện lưu trữ: Trung tâm Học liệu Trường Đại học Cần Thơ
LEADER 00444nam a2200169Ia 4500
001 CTU_98158
008 210402s9999 xx 000 0 und d
082 |a 338.47621 
082 |b J34/1976 
245 0 |a Japan fact book 1976 
260 |a Tokyo 
260 |b Dempa 
260 |c 1976 
650 |a Electronic industries,Electric industries 
650 |z Japan,Japan 
904 |i Truc 
980 |a Trung tâm Học liệu Trường Đại học Cần Thơ